Statistics for Eurovision - Australia given 12 points

Click here to take the quiz!

General Stats

  • This quiz has been taken 30 times
  • The average score is 2 of 5

Answer Stats

YearCountry% Correct
2015 (SF)Sweden
93%
2015 (SF)Austria
45%
2016 (SF)Israel
34%
2016Albania
21%
2016Malta
17%

Score Distribution

Percentile by Number Answered

Percent of People with Each Score

Your Score History

You have not taken this quiz